000
00327nam a22001337a 4500
008
170527b xxu||||| |||| 00| 0 eng d
020
_a
0905451473
041
_a
eng
080
_a
62
100
_a
25
101
_a
IM
245
_a
APPLICATIONS OF ARTIFICIAL INTELLIGENCE IN ENGINEERING PROBLEMS
_c
SRIRAM, D
942
_2
udc
_c
BK
999
_c
14644
_d
14644